000 00398nam a2200169Ia 4500
008 230524s9999 xx 000 0 und d
020 _a8122402208
082 _a537.4
_bRIE
100 _aHeinz Rieger
245 4 _aThe Magnetic Circuit Pi-4
250 _a1ST
260 _aNEW DELHI
_bWiley Eastern
_c1989
300 _a69
500 _aQuantity Number: 2
650 _aPhysics
942 _cBK
999 _c25647
_d25647